000 00301nam a2200133Ia 4500
005 20251222144901.0
008 251222s9999||||xx |||||||||||||| ||spa||
020 _a84-7432-889-6
082 _a320.5/A69
100 _aArendt, Hannah
245 0 _aTiempos Presentes
264 _bGedisa
942 _cLIB
999 _c21970
_d21970